000 00842cas a2200229 a 4500
005 20170202140912.0
008 890818u1984 ck fn p r 0 b0spa d
022 _a0120-9965
040 _aCO-BoBLA
_cCO-BoBLA
_dCO-BoIAVH
041 0 _aspa
044 _ack
090 _aSE
245 0 0 _aAgronomía colombiana /
_cUniversidad Nacional de Colombia. Facultad de agronomía
260 _aBogotá :
_bUniversidad Nacional de Colombia (Sede Bogotá), Facultad de Agronomía,
_c1984-.
300 _bilustraciones ;
_c28 x 22 cm.
310 _af
650 2 6 _aAgronomía
_zColombia
_vPublicaciones seriadas.
651 6 _aColombia
_vPublicaciones seriadas
651 6 _aBogotá (Colombia)
_vPublicaciones seriadas
710 2 _aUniversidad Nacional de Colombia
_bFacultad de Agronomía
942 _2z
_cREVISTA
_s1
999 _c17409
_d17409